[Event "chess.com Speed 5m+2spm 2017"]
[Site "Chess.com INT"]
[Date "2017.05.03"]
[Round "1.4"]
[White "Nakamura, Hikaru"]
[Black "Grigoriants, Sergey"]
[Result "1-0"]
[WhiteElo "2786"]
[BlackElo "2576"]
[PlyCount "105"]
[EventDate "2017.05.03"]
[EventType "k.o. (blitz)"]
[EventRounds "4"]
[EventCountry "USA"]
[SourceTitle "CBM 178 Extra"]
[Source "ChessBase"]
[SourceDate "2017.06.22"]
[SourceVersion "1"]
[SourceVersionDate "2017.06.22"]
[SourceQuality "1"]

1. Nf3 d5 2. g3 c6 3. Bg2 Bg4 4. O-O e6 5. h3 Bh5 6. d3 Bd6 7. Qe1 Ne7 8. e4 Nd7 9. Nc3 O-O 10. Ne2 $146 ({RR} 10. Nh2 Kh8 11. Kh1 f6 12. f4 Bf7 13. g4 dxe4 14. Nxe4 Bc7 15. f5 exf5 16. gxf5 Re8 17. Bf4 Bxf4 18. Rxf4 Nd5 19. Rh4 Nf8 20. Qf2 Qc7 21. Rf1 Rad8 22. Ng4 Qb6 23. Qg3 Qxb2 24. c4 Nc3 {Stefanova,A (2462)-Basso,P (2596) Chess.com INT 2020 0-1 (63)}) ({RR} 10. Nh4 Ng6 11. Nxg6 Bxg6 12. f4 Re8 13. Kh1 f6 14. Qf2 dxe4 15. Nxe4 Bc7 16. Be3 Qe7 17. Rae1 Bb6 18. d4 Rad8 19. c3 Bc7 20. Bc1 Qf8 21. b3 a5 22. a4 Bb6 23. Qa2 Bxe4 24. Rxe4 Kh8 {Shamatava,A (2143)-Prilleltensky,M (2162) Charlotte 2021 0-1 (44)}) 10... e5 11. Nh4 Re8 12. Nc3 Nb6 13. a3 f6 14. Kh1 Bf7 15. f4 exf4 16. gxf4 dxe4 17. dxe4 Ng6 18. Nf5 Bf8 19. Qg3 Kh8 20. b3 Qc7 21. Bb2 Rad8 22. Qf2 Ne7 23. Ng3 Ng6 24. Nf5 Ne7 25. Nxe7 Qxe7 26. Rae1 Qc5 27. e5 Qxf2 28. Rxf2 fxe5 29. fxe5 Bg6 30. Ne4 Be7 31. Ng3 Bh4 32. Kh2 Nd5 33. Ree2 Nc7 34. Rf4 Bg5 35. Rb4 Rb8 36. h4 Be7 37. Ra4 Bc5 38. h5 Bf7 39. h6 Ne6 40. hxg7+ Kxg7 41. Nf5+ Kf8 42. Nd6 Bxd6 43. exd6 Nc5 44. Rxe8+ Rxe8 45. Rxa7 Bd5 46. Bxd5 cxd5 47. Bd4 Re2+ 48. Kh3 Ne6 49. c3 Nxd4 50. cxd4 Ke8 51. Rxb7 Re4 52. a4 Rxd4 53. a5 1-0

[Event "chess.com Speed 5m+2spm 2017"]
[Site "Chess.com INT"]
[Date "2017.11.18"]
[Round "3.5"]
[White "So, Wesley"]
[Black "Carlsen, Magnus"]
[Result "1-0"]
[WhiteElo "2815"]
[BlackElo "2832"]
[PlyCount "63"]
[EventDate "2017.05.03"]
[EventType "k.o. (blitz)"]
[EventRounds "4"]
[EventCountry "USA"]
[SourceTitle "EXT 2019"]
[Source "ChessBase"]
[SourceDate "2018.10.10"]
[SourceVersion "1"]
[SourceVersionDate "2018.10.10"]
[SourceQuality "1"]

1. Nf3 e6 2. b3 d5 3. Bb2 Nf6 4. g3 g6 5. c4 Bg7 6. Bg2 O-O 7. O-O c5 8. cxd5 $146 ({RR} 8. e3 Nc6 9. Na3 b6 10. d4 cxd4 11. exd4 Bb7 12. Qe2 Qe7 13. Nb5 Rfd8 14. Rad1 dxc4 15. bxc4 a6 16. Ba3 Nb4 17. Nc3 a5 18. d5 Rac8 19. Rfe1 Ba6 20. dxe6 Qxe6 21. Qxe6 fxe6 22. Bh3 Bxc4 {Theodorou,N (2627)-Barp,A (2437) chess.com INT 2024 1-0}) ({RR} 8. e3 Nc6 9. Na3 b6 10. d4 cxd4 11. exd4 Bb7 12. Qe2 Qe7 13. Nb5 Rfd8 14. Rad1 dxc4 15. bxc4 a6 16. Ba3 Nb4 17. Nc3 a5 18. d5 Rac8 19. Rfe1 Ba6 20. dxe6 Qxe6 21. Qxe6 fxe6 22. Bh3 Bxc4 {Theodorou,N (2627)-Barp,A (2437) chess.com INT 2024 1-0}) 8... exd5 9. d4 Ne4 10. Qc1 Nc6 11. dxc5 d4 12. Rd1 Qf6 13. Nbd2 Nc3 14. Bxc3 dxc3 15. Ne4 Qe7 16. Nxc3 Qf6 17. Ne4 Qxa1 18. Qxa1 Bxa1 19. Rxa1 Rd8 20. Nd6 Rb8 21. Ng5 f6 22. Nge4 Kg7 23. e3 Be6 24. Nc3 Rd7 25. Ncb5 Rbd8 26. Bxc6 bxc6 27. Nd4 Bh3 28. Nxc6 Ra8 29. Nd4 a5 30. Rc1 Re7 31. c6 Rd8 32. N4b5 1-0

[Event "chess.com Speed 5m+2spm 2017"]
[Site "Chess.com INT"]
[Date "2018.01.03"]
[Round "4.4"]
[White "Carlsen, Magnus"]
[Black "Nakamura, Hikaru"]
[Result "1-0"]
[WhiteElo "2832"]
[BlackElo "2786"]
[PlyCount "105"]
[EventDate "2017.05.03"]
[EventType "k.o. (blitz)"]
[EventRounds "4"]
[EventCountry "USA"]
[SourceTitle "EXT 2019"]
[Source "ChessBase"]
[SourceDate "2018.10.10"]
[SourceVersion "1"]
[SourceVersionDate "2018.10.10"]
[SourceQuality "1"]

1. Nf3 d5 2. g3 g6 3. Bg2 Bg7 4. O-O e5 5. d3 Ne7 6. e4 O-O 7. Nc3 dxe4 ({RR} 7... c5 8. Nd2 Be6 9. f4 exf4 10. gxf4 dxe4 11. dxe4 Nbc6 12. Kh1 f5 13. e5 g5 14. Nf3 gxf4 15. Bxf4 Ng6 16. Bg5 Qxd1 17. Raxd1 h6 18. Rd6 Rae8 19. Be3 Ncxe5 20. Bxc5 b6 21. Ba3 Nc4 22. Rxe6 {Skaric,D (2285)-Harper,H (2044) chess.com INT 2025 1-0}) 8. dxe4 c6 9. Qe2 $146 ({RR} 9. Bg5 f6 10. Be3 Qc7 11. Qc1 Be6 12. a4 a5 13. Nd2 Na6 14. Re1 Nc8 15. Bf1 Nd6 16. b3 f5 17. Bh3 Qd7 18. exf5 gxf5 19. Nf3 f4 20. Bxe6+ Qxe6 21. Bxf4 Rxf4 22. Qxf4 exf4 23. Rxe6 Bxc3 {Damjanovic,M-Ciric,D Zenica 1963 1-0 (41)}) ({RR} 9. Be3 f6 10. Qe2 Be6 11. Rad1 Qe8 12. a4 Nd7 13. a5 Nc8 14. b3 Qe7 15. Na4 b5 16. axb6 axb6 17. c4 Qb4 18. Qc2 Rf7 19. Bd2 Qe7 20. Be3 Bf8 21. Rd3 Qe8 22. Rfd1 Rb8 23. h4 h5 {Sjugirov,S (2650)-Carlsen,M (2837) Riadh 2017 1-0 (65)}) 9... h6 10. a4 a5 11. Rd1 Qc7 12. Be3 Na6 13. Nd2 Be6 14. Nc4 Nc8 15. Rd2 Rb8 16. Rad1 Kh7 17. h4 h5 18. Kh2 b5 19. Nd6 Nxd6 20. Rxd6 Qb7 21. Bh3 Bxh3 22. Kxh3 Nc7 23. Rd7 Qc8 24. Kh2 Ne6 25. R1d6 Nd4 26. Qd1 Rb7 27. Rxb7 Qxb7 28. axb5 Nxb5 29. Nxb5 Qxb5 30. b3 a4 31. bxa4 Qxa4 32. Qd3 Rb8 33. c4 Bh6 34. Bxh6 Kxh6 35. Rd7 Kg7 36. Kg2 Re8 37. Rc7 Rf8 38. Re7 Qa1 39. Qd6 Qd4 40. Qxe5+ Qxe5 41. Rxe5 Ra8 42. Rc5 Ra6 43. Kf3 Kf6 44. Kf4 Ke6 45. Re5+ Kf6 46. f3 Ra4 47. Rc5 Ra6 48. g4 hxg4 49. fxg4 Ke6 50. h5 Kd6 51. hxg6 fxg6 52. Rg5 Ra8 53. c5+ 1-0

[Event "POL-chT"]
[Site "Poland"]
[Date "2017.05.07"]
[Round "3.3"]
[White "Heberla, Bartlomiej"]
[Black "Bobras, Piotr"]
[Result "1-0"]
[WhiteElo "2580"]
[BlackElo "2529"]
[PlyCount "89"]
[EventDate "2017.05.05"]
[EventType "team-tourn"]
[EventRounds "9"]
[EventCountry "POL"]
[SourceTitle "CBM 178 Extra"]
[Source "ChessBase"]
[SourceDate "2017.06.22"]
[SourceVersion "1"]
[SourceVersionDate "2017.06.22"]
[SourceQuality "1"]
[WhiteTeam "Gorzow Wlkp Stilon"]
[BlackTeam "Wroclaw Kopernik"]
[WhiteTeamCountry "POL"]
[BlackTeamCountry "POL"]

1. Nf3 Nf6 2. g3 d5 3. Bg2 c6 4. O-O Bg4 5. h3 Bh5 6. c4 e6 7. d4 Nbd7 8. cxd5 exd5 9. Qb3 Bxf3 ({RR} 9... Qb6 10. Qe3+ Be7 11. Nh4 Bg6 12. Nc3 Nf8 13. Nxg6 hxg6 14. Rd1 Ne6 15. Rb1 a5 16. Qd3 Rd8 17. a3 Ne4 18. Nxe4 dxe4 19. Qxe4 Rxd4 20. Rxd4 Qxd4 21. Qc2 O-O 22. Bd2 Ra8 23. e3 Qc5 24. Qxc5 {Harikrishna,P (2717)-Ponomariov,R (2640) Czech Republic CZE 2023 ½-½ (34)}) ({RR} 9... Qb6 10. Qe3+ Be7 11. Nh4 Bg6 12. Nc3 Qd8 13. f4 c5 14. Kh2 cxd4 15. Qxd4 Bc5 16. Qd1 Nb6 17. f5 Bh5 18. Bg5 O-O 19. Qd3 Bd6 20. Bf4 Bxf4 21. Rxf4 Re8 22. g4 Nxg4+ 23. hxg4 Qxh4+ 24. Qh3 {Suleymanli,S (2291)-Eliseev,S (2201) chess.com INT 2025 1-0}) 10. exf3 Nb6 11. a4 a5 $146 ({RR} 11... Qd7 12. Nd2 Nc8 13. Qc2 Bd6 14. Nb3 O-O 15. Nc5 Qc7 16. Nd3 a5 17. Bd2 Nd7 18. Rfe1 Nb8 19. Bc3 Na6 20. Qd2 b6 21. h4 Rd8 22. h5 Bf8 23. Rac1 Nd6 24. b3 Re8 25. Rxe8 Rxe8 26. Bh3 {Lenic,L (2646)-Zorko,J (2465) Slovenia 2017 1-0 (91)}) ({RR} 11... Qd7 12. Na3 Be7 13. Nc2 O-O 14. Ne1 Rae8 15. Nd3 Qc8 16. Qc3 Na8 17. b3 Nc7 18. h4 Ne6 19. Bb2 Nd7 20. f4 Qd8 21. Rfe1 Nf6 22. Re2 Bd6 23. Rae1 Nc7 24. Qc2 Rxe2 25. Rxe2 Re8 26. Ne5 {Dizdarevic,E (2491)-Romanov,E (2611) Eilat 2012 ½-½ (60)}) 12. Re1+ Be7 13. Na3 Nfd7 14. Bg5 f6 15. Bf4 O-O 16. Nc2 Rf7 17. h4 Nf8 18. Bh3 Nc4 19. Qc3 Bd6 20. Bc1 Bc7 21. b3 Nd6 22. Ba3 Re7 23. Ne3 g6 24. Ra2 Re8 25. Rae2 f5 26. Qc1 Nf7 27. Bxf5 gxf5 28. Nxf5 Rxe2 29. Rxe2 Qf6 30. Ne7+ Kg7 31. Nxd5 cxd5 32. Qxc7 Qxf3 33. Re3 Qf5 34. Re5 Qb1+ 35. Kg2 Ng6 36. Re3 Qf5 37. Rf3 Qe6 38. h5 Nf8 39. Qxb7 Rd8 40. Qc7 Qd7 41. Qf4 Ne6 42. Qf6+ Kg8 43. Be7 Neg5 44. Rf5 Re8 45. h6 1-0

[Event "FRA-chT Top 12"]
[Site "Chartres"]
[Date "2017.05.25"]
[Round "8.2"]
[White "Malakhov, Vladimir"]
[Black "Rodshtein, Maxim"]
[Result "1-0"]
[WhiteElo "2712"]
[BlackElo "2698"]
[PlyCount "125"]
[EventDate "2017.05.18"]
[EventType "team-tourn"]
[EventRounds "11"]
[EventCountry "FRA"]
[SourceTitle "CBM 178 Extra"]
[Source "ChessBase"]
[SourceDate "2017.06.22"]
[SourceVersion "1"]
[SourceVersionDate "2017.06.22"]
[SourceQuality "1"]
[WhiteTeam "Tremblay en France"]
[BlackTeam "Bischwiller"]
[WhiteTeamCountry "FRA"]
[BlackTeamCountry "FRA"]

1. Nf3 Nf6 2. g3 d5 3. Bg2 c6 4. O-O Bg4 5. d3 Nbd7 6. h3 Bh5 7. Nbd2 e5 8. e4 Be7 9. Qe1 O-O 10. Nh4 Re8 11. Nf5 Bf8 12. Nb3 Qc7 ({RR} 12... a5 13. a4 Nc5 14. Nxc5 Bxc5 15. Be3 Bb4 16. c3 Bf8 17. f3 Bg6 18. Nh4 Nh5 19. Qf2 Qd7 20. Kh2 Bd6 21. Rae1 Bc7 22. Bb6 Bd6 23. Bc5 Bc7 24. Bb6 Bd6 25. Be3 Bc7 26. Bb6 {½-½ (26) Pantsulaia,L (2613)-Vitiugov,N (2721) Gjakova 2016}) ({RR} 12... a5 13. a4 Qc7 14. g4 Bg6 15. Ng3 Nc5 16. Nxc5 Bxc5 17. Qe2 Rad8 18. h4 h6 19. h5 Bh7 20. g5 hxg5 21. Bxg5 Be7 22. Qf3 dxe4 23. dxe4 Nd7 24. Be3 Nc5 25. Bh3 Ne6 26. Bf5 Nf4 27. Bxh7+ {Piesik,P (2409)-Popov,K (2364) chess.com INT 2024 ½-½ (82)}) 13. a4 $146 ({RR} 13. Bg5 h6 14. Be3 Rad8 15. c4 dxc4 16. dxc4 c5 17. Qc3 Bg6 18. Rae1 b6 19. Bc1 Nb8 20. Qf3 Qc6 21. g4 Qe6 22. h4 h5 23. gxh5 Nxh5 24. Bh3 Qxc4 25. Bg4 Nf6 26. Bg5 Rd3 27. Re3 Rxe3 {Nalbandian,T (2453)-Bluebaum,M (2098) Dortmund 2010 ½-½ (54)}) ({RR} 13. Be3 Rad8 14. a4 h6 15. a5 Bg6 16. Nh4 Bh7 17. Bxa7 dxe4 18. dxe4 c5 19. Bb6 Nxb6 20. axb6 Qxb6 21. Qe2 Qb4 22. Nf5 Bxf5 23. exf5 e4 24. Qe1 Qb5 25. Qa5 Qe2 26. Rac1 e3 27. Bxb7 c4 {Luzanov,S-Korobov,A (2543) Alushta 2006 0-1 (39)}) 13... h6 14. Nh4 dxe4 15. dxe4 c5 16. Nd2 c4 17. Nb1 Nc5 18. g4 Bg6 19. Nxg6 fxg6 20. Nc3 Ne6 21. Nd5 Qf7 22. Qc3 Nd4 23. Qxc4 Rac8 24. Nxf6+ gxf6 25. Qxf7+ Kxf7 26. c3 Nb3 27. Rb1 Red8 28. Bf3 Nxc1 29. Rfxc1 Rd2 30. Rd1 Rcd8 31. Rxd2 Rxd2 32. Kf1 a5 33. Be2 f5 34. Ke1 Rd8 35. gxf5 gxf5 36. exf5 e4 37. Bc4+ Kf6 38. Ke2 Kxf5 39. Rg1 b6 40. Bf7 Rd6 41. Rg4 Be7 42. Bg8 Bg5 43. Bh7+ Kf6 44. h4 Bc1 45. b4 Rd2+ 46. Kf1 axb4 47. cxb4 Ra2 48. Bxe4 Rxa4 49. Bc6 Ra1 50. h5 Bg5+ 51. Kg2 Rc1 52. b5 Rc2 53. Re4 Rd2 54. Kg3 Kf5 55. Rc4 Rd3+ 56. f3 Ke5 57. Re4+ Kf5 58. Bb7 Rc3 59. Bd5 Re3 60. Rc4 Re1 61. Be4+ Ke5 62. Bg6 Rg1+ 63. Kf2 1-0

[Event "EU-ch 18th"]
[Site "Minsk"]
[Date "2017.05.31"]
[Round "2"]
[White "Gabuzyan, Hovhannes"]
[Black "Jobava, Baadur"]
[Result "1-0"]
[WhiteElo "2570"]
[BlackElo "2713"]
[Annotator "Gabuzyan,Hovhannes"]
[PlyCount "147"]
[EventDate "2017.05.30"]
[EventType "swiss"]
[EventRounds "11"]
[EventCountry "BLR"]
[SourceTitle "CBM 205 Extra"]
[Source "ChessBase"]
[SourceDate "2022.01.31"]
[SourceVersion "1"]
[SourceVersionDate "2022.01.31"]
[SourceQuality "1"]

1. Nf3 d5 2. g3 c6 3. Bg2 Bg4 4. O-O Nd7 5. d4 {A little unusual move, as bishop is already is developed on g4, usually white plays d4 with bishop on c8} (5. d3 e5 6. Nbd2 Ngf6 7. e4) 5... e6 6. Nbd2 Bd6 $6 {I faced this move first time which was quite interesting,blacks idea is to develop night on e7 ,as it can get under tempo e4-e5} (6... Ngf6 7. Re1 Be7 8. e4 dxe4 (8... O-O 9. e5 Ne8 10. c3) 9. Nxe4 Nxe4 10. Rxe4 Nf6 11. Re1) 7. e4 Ne7 8. Re1 {Because Night is on e7 i was trying to keep pawn on e4 and cut space off blacks knight.} ({RR} 8. c3 O-O 9. h3 Bh5 {½-½ (11) Hulak,K (2553)-Kovacevic,V (2501) Sibenik 2002}) 8... O-O 9. h3 Bh5 10. c3 Rc8 11. Qb3 $6 $13 {I was trying to make pressure on queenside, just b3 was much helathy move,simply developing bishop after BB2 and c4} (11. b3 $14 b6 12. Bb2 f5 13. e5) 11... b6 $146 12. c4 Bb8 13. Qa3 Nf6 $2 {Leads to a position with fixed pawn structure after cxd5 , was much better to} (13... dxc4 14. Nxc4 c5 $13 {With eqaull chances}) 14. cxd5 $14 cxd5 15. e5 Nd7 16. Nf1 Nc6 17. Bg5 Qe8 $6 {Passive deffence which allowed white to have idea followed in the game, f6 was possible with interesting perspectives} (17... f6 18. exf6 Nxf6 19. N1h2 (19. Rxe6 $2 Bxf3 20. Bxf3 Nxd4)) 18. N1d2 a5 $2 {Of course it contains idea of capturing b4 square for night, but in future weakness of b5 square and bad pawn structure will be much sensible.} 19. Rac1 h6 (19... Nb4 $2 20. Rxc8 Qxc8 21. Qb3 $16) 20. Rxc6 $1 $14 {Importang positional idea, as the position is closed its better to have nights and also night on c6 is very important piece attacking d4 pawn and threatening NB4} Rxc6 21. Be7 Qc8 22. Bxf8 Nxf8 23. Bf1 $1 {Now white has simple idea to fix pawn on b6 , and bring rook to c3, but also i was warned of f6 idea, and tried to be ready.} Rc1 24. Kg2 $1 {Making possible required idea with Re3 and Rc3} Bg6 25. Re3 Qc6 26. Ne1 $1 {Very important positional move, now my idea was to play Rc3 and be ready to face f6 with f4} Bc7 $6 {Was better to try f6 immediately.} (26... f6 27. f4) 27. Rc3 Rxc3 28. Qxc3 Qxc3 29. bxc3 f6 30. f4 Be8 $1 {Nice move with g5 idea, as black has two bishops it is always better to open files as much as possible} 31. Nc2 Bd8 32. Bd3 g5 33. Kf3 gxf4 34. gxf4 Kg7 35. Ke3 fxe5 36. dxe5 $1 {In this context it was only move, just overall it is goof positonal move, as white creates good outpost on d4 and keeps closed c1-h6 diagonal} b5 $2 {After which black losses a pawn, my opponent missed that i can bring Night on d2 into game, was much safe to try keep position with Be7} (36... Be7 $14) 37. Nb3 Bb6+ 38. Nbd4 Kf7 39. a3 $1 {Prepairing Kf3 and capturing the pawn} Nd7 40. Bxb5 Nc5 41. c4 $1 {good move with double idea, to ged rid of weak pawn, and take otpost of night on e4} dxc4 42. Bxc4 Kf8 43. Kf3 {Now white transofrmed a positional advantage into a material, but positon is much more open and that was hard to find direct idea for realization} Bh5+ 44. Kg3 Bg6 45. Kg4 Ke8 46. Kf3 Be4+ 47. Ke2 Ke7 48. Bb5 $2 {i blundered idea of Nb3 because , which leaded to drawish position} Nb3 49. Nxb3 Bxc2 50. Nd2 a4 51. Bd3 Bb3 52. Nxb3 axb3 53. a4 b2 54. Bb1 Kd8 55. Kd3 Kd7 56. Kc4 Be3 57. f5 exf5 58. Bxf5+ Ke7 59. a5 Bf2 60. Kd5 {Now its a draw, because white cann't go to queenside with king because of idea b1 and Ke6} h5 $4 {Losses after moves followed in the game because of zugzwang,and was keeping pawn on h6 was enough for draw , as if king comes to h5 or g6 same idea with b1Q and Ke6 was working} (60... Ba7 61. Ke4 Bc5 62. Kf4 Ba7 63. Kg4 Be3 64. Kh5 b1=Q 65. Bxb1 Ke6 $11) 61. a6 $18 h4 62. Bb1 Bg1 63. Ke4 Bc5 64. Kf4 Bf2 65. Ba2 Bc5 66. Kg4 Bf2 67. Kg5 $1 {Now idea with b1 is not working as white has kf4 move , and on Kd7 Kf6 is winning} Be3+ (67... Kd7 68. Kf6) 68. Kxh4 b1=Q 69. Bxb1 Ke6 70. Kh5 Kxe5 71. Kg6 Ke6 72. h4 Ke7 73. h5 Kf8 74. Ba2 1-0

[Event "EU-ch 18th"]
[Site "Minsk"]
[Date "2017.06.06"]
[Round "7"]
[White "Movsesian, Sergei"]
[Black "Buhmann, Rainer"]
[Result "1-0"]
[WhiteElo "2680"]
[BlackElo "2596"]
[PlyCount "71"]
[EventDate "2017.05.30"]
[EventType "swiss"]
[EventRounds "11"]
[EventCountry "BLR"]
[SourceTitle "CBM 179"]
[Source "ChessBase"]
[SourceDate "2017.07.12"]
[SourceVersion "1"]
[SourceVersionDate "2017.07.12"]
[SourceQuality "1"]

1. Nf3 ({RR} 1. g3 d5 2. Bg2 Nf6 3. Nf3 c5 4. O-O Nc6 5. c4 d4 6. d3 {½-½ (15) Ortega,L-Nogueiras Santiago,J (2495) Cuba 1982}) 1... d5 2. g3 c5 3. Bg2 Nc6 4. O-O e5 5. c4 d4 6. d3 Nf6 7. e3 Be7 8. exd4 exd4 9. Bf4 O-O 10. Ne5 Nxe5 11. Bxe5 Bd6 12. Bxf6 Qxf6 13. Nd2 Rb8 ({RR} 13... Qd8 14. a3 a5 15. Re1 Ra6 16. Bd5 a4 17. Rb1 Qc7 18. Ne4 Be7 19. b4 axb3 20. Rxb3 b6 21. Qh5 g6 22. Qh6 Bb7 23. Bxb7 Qxb7 24. Qf4 Qc6 25. Qe5 Bd8 26. h4 Ra7 27. Reb1 Re7 28. Qd5 {Rasulov,V (2560)-Eljanov,P (2695) chess.com INT 2023 1-0 (58)}) ({RR} 13... Qh6 14. f4 Rb8 15. Ne4 Bf5 16. Qc2 Rfe8 17. Rae1 Re7 18. Qf2 Rbe8 19. Re2 Bc7 20. Rfe1 Bg4 21. Bf3 Bxf3 22. Qxf3 Qc6 23. f5 f6 24. Rf1 a6 25. g4 b5 26. b3 Rxe4 27. Rxe4 Rxe4 28. Qxe4 {Deak-Sala,E (2112)-Wikar,M (2239) Rhodes GRE 2025 0-1 (52)}) 14. Re1 Bf5 15. Be4 Bd7 16. Bd5 $146 Qg6 17. Ne4 b6 18. h4 Be7 19. h5 Qg4 20. Qxg4 Bxg4 21. f4 Bd7 22. Kg2 Rfe8 23. Kf3 Kf8 24. g4 f5 25. gxf5 Bxf5 26. Re2 Bd8 27. Rg1 Re7 28. Rg5 g6 29. Reg2 Rg7 30. h6 Bxe4+ 31. dxe4 Rc7 32. R5g4 Bf6 33. e5 Bh8 34. f5 Bxe5 35. fxg6 hxg6 36. Rxg6 1-0

[Event "EU-ch 18th"]
[Site "Minsk"]
[Date "2017.06.09"]
[Round "10"]
[White "Jakovenko, Dmitrij"]
[Black "Parligras, Mircea Emilian"]
[Result "1-0"]
[WhiteElo "2718"]
[BlackElo "2607"]
[PlyCount "139"]
[EventDate "2017.05.30"]
[EventType "swiss"]
[EventRounds "11"]
[EventCountry "BLR"]
[SourceTitle "CBM 179"]
[Source "ChessBase"]
[SourceDate "2017.07.12"]
[SourceVersion "1"]
[SourceVersionDate "2017.07.12"]
[SourceQuality "1"]

1. Nf3 Nf6 2. g3 d5 3. Bg2 c6 4. O-O Bg4 5. d3 e6 6. Qe1 Be7 7. e4 O-O 8. h3 Bh5 9. Nc3 Nbd7 10. Kh1 $146 ({RR} 10. e5 Ne8 11. d4 c5 12. Ne2 cxd4 13. Nexd4 Qc7 14. c3 Bg6 15. Bf4 Bd3 16. Rc1 Rc8 17. Qd1 Bxf1 18. Bxf1 a6 19. Bd3 g6 20. h4 Ng7 21. g4 h5 22. Ng5 Rfe8 23. gxh5 Bxg5 24. Bxg5 Nxh5 {Aleksic,Z (2018)-Ljubinkovic,M (2272) Novi Sad 2009 0-1}) 10... a5 11. a3 a4 12. Bg5 h6 13. Bd2 Qc7 14. Nh4 dxe4 15. Nxe4 Nxe4 16. Qxe4 Qe5 17. Qxe5 Nxe5 18. Rae1 Nd7 19. Nf5 Bf6 20. Nd6 Bxb2 21. Nxb7 Bxa3 22. Na5 Nb6 23. Re5 Bg6 24. Bxc6 Rac8 25. Rb5 Nd5 26. Rb7 Rfd8 27. Bxa4 Nc3 28. Bd7 Rc5 29. Nb3 Rd5 30. Bxe6 fxe6 31. Bxc3 Bf8 32. Rc7 e5 33. Nd2 Bd6 34. Rc4 Be8 35. Kh2 Bb5 36. Rg4 Rc8 37. Ne4 Be7 38. Rg6 Bd7 39. g4 Ba4 40. Rc1 Bg5 41. Ra1 Bf4+ 42. Kg1 Kh7 43. Rd6 Bc6 44. Ra6 Bb7 45. Rab6 Ba8 46. Rb3 Rxd6 47. Nxd6 Rc7 48. Nf5 Bf3 49. Ne3 h5 50. gxh5 Bxh5 51. Bxe5 Bxe5 52. Rb5 Re7 53. Nc4 Bd1 54. Rxe5 Rxe5 55. Nxe5 Bxc2 56. h4 Kh6 57. Kg2 g5 58. Kg3 Kh5 59. hxg5 Kxg5 60. Kf3 Kf5 61. d4 Bb1 62. Ke3 Ke6 63. Nc4 Kd5 64. Nb6+ Ke6 65. d5+ Ke5 66. f4+ Kf6 67. d6 Bf5 68. Kd4 Bg4 69. d7 Ke7 70. Ke5 1-0

[Event "Porto Mannu op 9th"]
[Site "Porto Mannu"]
[Date "2017.06.08"]
[Round "7"]
[White "Rambaldi, Francesco"]
[Black "Brunello, Sabino"]
[Result "1-0"]
[WhiteElo "2555"]
[BlackElo "2578"]
[PlyCount "59"]
[EventDate "2017.06.03"]
[EventType "swiss"]
[EventRounds "9"]
[EventCountry "ITA"]
[SourceTitle "CBM 178 Extra"]
[Source "ChessBase"]
[SourceDate "2017.06.22"]
[SourceVersion "1"]
[SourceVersionDate "2017.06.22"]
[SourceQuality "1"]

1. Nf3 d5 2. g3 Bg4 3. Bg2 c6 4. O-O e6 5. h3 Bh5 6. d4 Nd7 ({RR} 6... Nf6 7. c4 Nbd7 8. cxd5 exd5 9. Qb3 Qb6 10. Qe3+ Be7 11. Nh4 Bg6 12. Nc3 Kf8 13. Nxg6+ hxg6 14. Qd3 Re8 15. Rb1 Kg8 16. b4 a6 17. Re1 Nf8 18. e4 dxe4 19. Nxe4 Nxe4 20. Rxe4 Qd8 21. Qe2 {Vachier Lagrave,M (2758)-Kramnik,V (2777) Berlin 2015 ½-½ (63)}) 7. c4 ({RR} 7. Ne5 Nxe5 8. dxe5 h6 9. c4 f6 10. cxd5 exd5 11. g4 Bf7 12. Bf4 fxe5 13. Bxe5 Nf6 14. Qb3 Qb6 15. Qg3 Be7 16. Nc3 O-O 17. Rad1 Rfe8 18. h4 Nd7 19. Bd4 Qd8 20. g5 hxg5 21. hxg5 Bxg5 {Savitha,S (2332)-Wang,Q (2165) Petrovac MNE 2025 ½-½ (70)}) 7... dxc4 $146 ({RR} 7... Ngf6 8. cxd5 exd5 9. Qb3 Qb6 10. Qe3+ Be7 11. Nh4 Bg6 12. Nc3 Qd8 13. b4 O-O 14. Nxg6 hxg6 15. b5 Re8 16. bxc6 bxc6 17. Qd3 Qa5 18. Bd2 Qa3 19. Rfb1 Rab8 20. Qc2 Rb6 21. Rxb6 axb6 22. Rc1 {Gledura,B (2622)-Stevic,H (2589) Hungary 2019 ½-½}) ({RR} 7... Ngf6 8. cxd5 exd5 9. Qb3 Nb6 10. Nc3 Be7 11. a4 a5 12. Ne5 Bg6 13. f4 Bf5 14. g4 Bc8 15. f5 Nfd7 16. Bf4 O-O 17. Rad1 Bg5 18. Bxg5 Qxg5 19. e4 Qe3+ 20. Kh1 dxe4 21. Rfe1 Qg3 22. Rxe4 {Kozak,A (2512)-Trbojevic,M (2338) Austria 2020 1-0 (35)}) 8. Qc2 Nb6 9. Rd1 Bxf3 10. Bxf3 Nf6 11. e4 Be7 12. Be3 O-O 13. Nd2 Ne8 14. a4 a5 15. b3 cxb3 16. Nxb3 Nd7 17. Nc5 Bxc5 18. dxc5 Qc7 19. Rd2 Nef6 20. Rad1 Rfd8 21. Qc3 e5 22. g4 Nf8 23. Rxd8 Rxd8 24. Rxd8 Qxd8 25. Qxe5 Qd3 26. g5 N6d7 27. Qc7 Qb3 28. Kh2 Qxa4 29. Qd6 Qc4 30. Bg4 1-0